Detalles MARC
| 000 -LEADER |
| fixed length control field |
01667 am a2200421 a 4500 |
| 005 - FECHA ULTIMA MODIFICACION |
| control field |
20240527110429.0 |
| 008 - CAMPO DE CONTROL (LIBRO) |
| fixed length control field |
100520s2009||||ag a f |||| 001 0 spa d |
| 020 ## - INTERNATIONAL STANDARD BOOK NUMBER |
| ISBN |
9789500618793 |
| 041 ## - CODIGO DE IDIOMA |
| Código de idioma del texto/pista de sonido o título separado |
spa |
| 092 ## - SIGNATURA TOPOGRAFICA DEWEY LOCAL |
| número de clasificación |
576.8 |
| libristica |
78 |
| sección |
SHO |
| 100 1# - ENTRADA PRINCIPAL--NOMBRE PERSONAL |
| Nombre personal |
Shors, Teri. |
| 9 (RLIN) |
605 |
| 245 ## - TITULO PROPIAMENTE DICHO |
| Título |
Virus. |
| Subtítulo y Título paralelo |
Estudio molecular con orientación clínica / |
| Mención de responsabilidad y remanente de la transcripción de la portada |
Teri Shors. |
| 250 ## - MENCION DE EDICION |
| Mención de edición |
1a ed. |
| Mención de responsabilidad relacionada con la ed. |
Traducción Daniel Cisterna ; Luis Dominguez y Sandra Elizabeth Pérez |
| 260 ## - PIE DE IMPRENTA |
| Lugar de publicación, distribución, etc |
Buenos Aires: |
| Nombre de la editorial, distribuidor, etc |
Editorial Médica Panamericana; |
| Fecha de publicación |
2009. |
| 300 ## - DESCRIPCION FISICA |
| Extension |
668 p. |
| Dimensiones |
28x20 cm. |
| Material complementario |
CD |
| 500 ## - NOTA GENERAL |
| Nota general |
Shors, T. (2009). Virus. Estudio molecular con orientación clínica. (1a ed.). Buenos Aires : Editorial Médica Panamericana. |
| 653 ## - TÉRMINO INDIZADO - PALABRAS CLAVES |
| Palabra clave |
Virus |
| 653 ## - TÉRMINO INDIZADO - PALABRAS CLAVES |
| Palabra clave |
Biología molecular eucariontes y las restricciones de la celula huésped |
| 653 ## - TÉRMINO INDIZADO - PALABRAS CLAVES |
| Palabra clave |
Ciclos de replicación viral |
| 653 ## - TÉRMINO INDIZADO - PALABRAS CLAVES |
| Palabra clave |
Arquitectura y nomenclatura de los virus |
| 653 ## - TÉRMINO INDIZADO - PALABRAS CLAVES |
| Palabra clave |
Diagnóstico de laboratorio de las enfermedades virales |
| 653 ## - TÉRMINO INDIZADO - PALABRAS CLAVES |
| Palabra clave |
Mecanismos de entrada y diseminación de la infección viral en el organismo |
| 653 ## - TÉRMINO INDIZADO - PALABRAS CLAVES |
| Palabra clave |
Resistencia del huesped a las enfermedades virales |
| 653 ## - TÉRMINO INDIZADO - PALABRAS CLAVES |
| Palabra clave |
Epidemiología |
| 653 ## - TÉRMINO INDIZADO - PALABRAS CLAVES |
| Palabra clave |
Historia de la medicina, ensayos clínicos, terapia génica y los xenotransplantes |
| 653 ## - TÉRMINO INDIZADO - PALABRAS CLAVES |
| Palabra clave |
Virus y cáncer |
| 653 ## - TÉRMINO INDIZADO - PALABRAS CLAVES |
| Palabra clave |
Virus de la polio y otros enterovirus |
| 653 ## - TÉRMINO INDIZADO - PALABRAS CLAVES |
| Palabra clave |
Virus de la gripe o influencia |
| 653 ## - TÉRMINO INDIZADO - PALABRAS CLAVES |
| Palabra clave |
Rabia |
| 653 ## - TÉRMINO INDIZADO - PALABRAS CLAVES |
| Palabra clave |
Poxvirus |
| 653 ## - TÉRMINO INDIZADO - PALABRAS CLAVES |
| Palabra clave |
Herpesvirus |
| 653 ## - TÉRMINO INDIZADO - PALABRAS CLAVES |
| Palabra clave |
Virus de inmunodeficiencia humana (HIV) |
| 653 ## - TÉRMINO INDIZADO - PALABRAS CLAVES |
| Palabra clave |
Virus de hepatitis |
| 653 ## - TÉRMINO INDIZADO - PALABRAS CLAVES |
| Palabra clave |
Virus de las plantas |
| 653 ## - TÉRMINO INDIZADO - PALABRAS CLAVES |
| Palabra clave |
Bacteriófagos |
| 930 ## - NUMERO DE INVENTARIO |
| Número de inventario |
2118 |
| 942 ## - ADDED ENTRY ELEMENTS (KOHA) |
| Source of classification or shelving scheme |
Dewey Decimal Classification |
| Item type |
Libros |